| 000 | 00761nam a2200217 a 4500 | ||
|---|---|---|---|
| 001 | 000024178 | ||
| 005 | 20200930022802.0 | ||
| 008 | 110119s1970 ve a r 000 e spa d | ||
| 040 |
_aDO-SdBNP _bspa _cBNPHU |
||
| 082 |
_aVe864.44 _bM868e |
||
| 100 | 1 |
_aMorón, Guillermo, _d1926- _933158 |
|
| 245 | 1 | 0 |
_aEscrito en la pared / _cGuillermo Morón. |
| 260 |
_aCaracas, (Venezuela) : _bMinisterio de Educación, Dirección General, Departamento de Publicaciones, _c1970. |
||
| 300 |
_a2 v. : _bil. ; _c22 cm. |
||
| 500 | _aIncluye notas al pie de las páginas | ||
| 504 | _aIncluye referencias bibliográficas | ||
| 650 | 4 |
_aEnsayos venezolanos _94376 |
|
| 650 | 4 |
_aCrítica literaria _zVenezuela _939482 |
|
| 650 | 4 |
_aLiteratura venezolana _93816 |
|
| 049 | _aBNGR | ||
| 999 |
_c23672 _d23672 |
||